1594 1359 1938 1689 1885 1297 1558 1941 1026 1989 1955 1039 1056 1995 1592 1900 1143 1227 1502 1754 1335 1934 1690 1151 1678 1285 1041 1315 1295 1243 1119 1073 1402 1343 1217 1289 1149 1446 1095 1555 1737 1407 1164 1876 1031 1347 1262 1413 1722 1568 1854 1493 1079 1842 1537 1949 1236 1051 1077 1861 1046 1259 1628 1973 1429 1290 1397 1285 1722 1652 1522 1532 1957 1159 1511 1143 1227 1867 1075 1205 1379 1787 1278 1252 1198 1259 1505 1479 1375 1495 1658 1444 1041 1740 1149 1623 1440 1304 1482 BCNSPRNW ULIB Ver.6.0+V

เปลี่ยนเป็นภาษาไทย

Change to English
 แสดงรายละเอียดบรรณานุกรม
  กลับหน้าหลัก

Brief Record : Get Marc (ISO 2709) : E-mail record : QR code < ปิดหน้าต่าง
LEADER : 00000nam 2200000uu 4500
001    13399112539
003     ULIB
008    110823s2552||||th 000 0 tha d
020    9786167024158
090    นว.^bน471M 2552
100 0  นามาเอะ
245 00 My Sweet Heart ป่วนหัวใจนายกะล่อน/^cนามาเอะ
250    พิมพ์ครั้งที่ 1
260    กรุงเทพฯ :^bแฮปปี้บุ๊คส์,^c2552
300    192 หน้า
710 1  แฮปปี้บุ๊คส์
945    ^p160^l0^i16291
995    กัณชพร
999    ^aใช้งานได้ทุกระบบ
รายการนี้ยังไม่มีแท็ก
คุณยังไม่ได้ล็อกอิน คุณสามารถมีกิจกรรมร่วมกับเว็บไซต์ได้ แต่ต้องล็อกอินก่อน ::
  ล็อกอิน

รายการสื่อสารสนเทศ

ลำดับที่ ประเภท เลขเรียก/บาร์โค้ด สถานที่ สถานะ
1. นวนิยาย
นวนิยาย
นว. น471M 2552  
  Barcode: 16291
ห้องสมุดวิทยาเขตสวรรค์ประชารักษ์
►นวนิยาย
บนชั้น
  ขอยืม

BibComment


ยังไม่เคยถูกคอมเมนท์

คอมเมนท์ทรัพยากรรายการนี้
  คอมเมนท์: My Sweet Heart ป่..


 Copyright 2026. Bcnsprnw @Library